Rozmnožovanie genetických zdrojov ovocných kultúr

Bibliographic Details
Main Author: Miko, Marián, 1958- (Author)
Format: Article
Language:Slovak
ISBN:8080690022

MARC

LEADER 00000naa a2200000uu 4500
001 vtls011073220
003 SK-MaSNL
005 20260302142907.0
008 210910|2002 xo |||||||||||||||||slo|
015 |a SNBRA 
035 |a (urnnbn)urn:nbn:sk:snk:ar-a0ccaj 
035 |a (uuid)c94970dc-6b0b-4aa0-8cd2-11c3f9e05eec 
035 |a urn:nbn:sk:snk-aaviiy 
040 |a SNKBUCL  |b slo  |c SNKBUCL  |e AACR2 
041 0 |a slo 
044 |a xo  |c SK 
100 1 |a Miko, Marián,  |d 1958-  |4 aut  |9 185704 
245 1 0 |a Rozmnožovanie genetických zdrojov ovocných kultúr  |c Marián Miko 
773 0 |t Záchrana ohrozeného genofondu starých a krajových odrôd z rastlinných druhov na Slovensku  |d Nitra : Slovenská poľnohospodárska univerzita, 2002  |g S. 91-96  |z 8080690022 
958 |a OND 
958 |a article12 
958 |a chapter 
999 |c 1341321  |d 1343251